พุทธสันติวิธี : (ระเบียนเลขที่ 105548)
| 000 -LEADER | |
|---|---|
| fixed length control field | 02933nam a22002657a 4500 |
| 003 - CONTROL NUMBER IDENTIFIER | |
| control field | NALT |
| 005 - DATE AND TIME OF LATEST TRANSACTION | |
| control field | 20250531152708.0 |
| 008 - FIXED-LENGTH DATA ELEMENTS--GENERAL INFORMATION | |
| fixed length control field | 240718b th ||||| |||| 00| 0 tha d |
| 020 ## - INTERNATIONAL STANDARD BOOK NUMBER | |
| International Standard Book Number | 9789744969132 |
| 040 ## - CATALOGING SOURCE | |
| Original cataloging agency | NALT |
| 041 ## - LANGUAGE CODE | |
| Language code of text/sound track or separate title | tha |
| 050 ## - LIBRARY OF CONGRESS CALL NUMBER | |
| Classification number | BQ 4570.S6 |
| Item number | พ358พ 2554 |
| 100 0# - MAIN ENTRY--PERSONAL NAME | |
| Personal name | พระมหาหรรษา ธมฺมหาโส |
| 9 (RLIN) | 18653 |
| 245 10 - TITLE STATEMENT | |
| Title | พุทธสันติวิธี : |
| Remainder of title | การบูรณาการหลักการและเครื่องมือจัดการความขัดแย้ง / |
| Statement of responsibility, etc. | พระมหาหรรษา ธมฺมหาโส (นิธิบุณยากร). |
| 250 ## - EDITION STATEMENT | |
| Edition statement | พิมพ์ครั้งที่ 1. |
| 260 ## - PUBLICATION, DISTRIBUTION, ETC. | |
| Place of publication, distribution, etc. | กรุงเทพฯ : |
| Name of publisher, distributor, etc. | 21 เซ็นจูรี่, |
| Date of publication, distribution, etc. | 2554. |
| 300 ## - PHYSICAL DESCRIPTION | |
| Extent | (3), 483 หน้า : |
| Other physical details | ภาพประกอบ ; |
| Dimensions | 24 ซม. |
| 505 0# - FORMATTED CONTENTS NOTE | |
| Formatted contents note | บทที่ 1 โลกกับวิกฤติการณ์ความขัดแย้งและความรุนแรง -- บทที่ 2 ความขัดแย้ง : แนวคิดและทฤษฎี -- บทที่ 3 ความขัดแย้ง : แนวคิดและทฤษฎีในพระพุทธศาสนา -- บทที่ 4 สันติภาพ : แนวคิด และทฤษฎี -- บทที่ 5 แนวคิดพื้นฐานเกี่ยวกับการจัดการความขัดแย้งโดยสันติวิธี -- บทที่ 6 สันติวิธี : แนวคิดและทฤษฎี -- บทที่ 7สันติวิธี : เครื่องมือจัดการความขัดแย้ง -- บทที่ 8 อธิกรณสมถะในฐานะเครื่องมือจัดการความขัดแย้งโดยพุทธสันติวิธี -- บทที่ 9 การจัดการความขัดแย้งโดยพุทธสันติวิธีในพระไตรปิฎก -- บทที่ 10 การบูรณาการพุทธสันติวิธีจัดการความขัดแย้งในสถานการณ์ปัจจุบัน -- บทที่ 11 สรุป : มนุษยชาติจะอยู่ร่วมกันอย่างสันติได้อย่างไร. |
| 650 #4 - SUBJECT ADDED ENTRY--TOPICAL TERM | |
| Topical term or geographic name entry element | การบริหารความขัดแย้ง |
| General subdivision | แง่ศาสนา |
| -- | พุทธศาสนา |
| 9 (RLIN) | 38720 |
| 650 #4 - SUBJECT ADDED ENTRY--TOPICAL TERM | |
| Topical term or geographic name entry element | พุทธศาสนากับสังคม |
| 9 (RLIN) | 16344 |
| 650 #4 - SUBJECT ADDED ENTRY--TOPICAL TERM | |
| Topical term or geographic name entry element | ความขัดแย้งทางสังคม |
| General subdivision | แง่ศาสนา |
| 9 (RLIN) | 57932 |
| 850 ## - HOLDING INSTITUTION | |
| Holding institution | NALT |
| 942 ## - ADDED ENTRY ELEMENTS (KOHA) | |
| Source of classification or shelving scheme | Library of Congress Classification |
| Koha item type | General Book |
| 996 ## - STAFF PROCESSING RECORDS (NALT) | |
| Staff name | kornsiririn.r |
| Staff type | CATSTF |
| Acquisition or Cataloging date | 2024-07-18 |
| 998 ## - STAFF NAME (NALT) | |
| -- | 3099 |
| -- | พรวิทู โค้วคชาภรณ์ |
| Withdrawn status | Lost status | Source of classification or shelving scheme | Damaged status | Not for loan | Collection code | Home library | Current library | Shelving location | Date acquired | Total Checkouts | Full call number | Barcode | Date last seen | Price effective from | Koha item type |
|---|---|---|---|---|---|---|---|---|---|---|---|---|---|---|---|
| Library of Congress Classification | Senate | National Assembly Library of Thailand | National Assembly Library of Thailand | General Book shelves | 18/07/2024 | BQ 4570.S6 พ358พ 2554 | 0100010764001 | 18/07/2024 | 18/07/2024 | General Book |
